Limit theorems of probability theory /
Guardado en:
| Autores Corporativos: | , |
|---|---|
| Otros Autores: | |
| Formato: | Libro |
| Idioma: | English |
| Publicado: |
Amsterdam :
North-Holland,
1975.
|
| Series: | Colloquia mathematica Societatis János Bolyai ;
11. |
| Materias: | |
| Etiquetas: |
Agregar Etiqueta
Sin Etiquetas, Sea el primero en etiquetar este registro!
|
| LEADER | 01061cam a2200253 a 4500 | ||
|---|---|---|---|
| 001 | MAT.inmabb002741 | ||
| 008 | 751217s1975####ne#######b####100#0#eng## | ||
| 005 | 20160811154648.0 | ||
| 245 | 1 | 0 | |a Limit theorems of probability theory / |c edited by P. Révész. |
| 260 | |a Amsterdam : |b North-Holland, |c 1975. | ||
| 300 | |a 420 p. ; |c 25 cm. | ||
| 440 | 0 | |a Colloquia mathematica Societatis János Bolyai ; |v 11. | |
| 500 | |a "Papers presented at the colloquium ... organized by the Bolyai János Mathematical Society and held in Keszthely from 24 to 29 June, 1974." | ||
| 504 | |a Incluye referencias bibliográficas. | ||
| 510 | 4 | |a MR, |c 52 #1810 | |
| 020 | |a 0720428343 | ||
| 111 | 2 | |a Colloquium on Limit Theorems of Probability Theory and Statistics |n (1º : |d 1974 : |c Keszthely, Hungría) | |
| 700 | 1 | |a Révész, Pál. |4 edt | |
| 710 | 2 | |a Bolyai János Matematikai Társulat. | |
| 650 | 0 | |a Limit theorems (Probability theory) |x Congresses. | |
| 084 | |a 60Fxx (60-06) |2 msc2000 | ||
| 010 | |a 75331532 | ||
| 040 | |a DLC |c DLC |d DLC | ||
| 859 | |h 60 |i C7145 |p A-5187 |b BIB. MATEMATICA | ||
